00233nam a2200073Ia 4500082002000000245005200020100004600072008004100118 a658.800968 SIMP 0aMarketing in South Africa : cases and concepts  a SIMPSON, John Pretoria, 2007 3rd ed 210816s9999 xx 000 0 und d